000 00630nam a2200229Ia 4500
003 OSt
005 20220918192449.0
006 a|||||r|||| 00| 0
007 ta
008 220917b |||||||| |||| 00| 0 eng d
024 _a68,490
037 _cTextual
040 _aARTS
_cARTS
_beng
041 _2eng
_aeng
082 _aR3xN26:g(V:74), N1
100 _aVisker Rudi
_979179
245 0 _aMichel Foucault
_b genealogy as critique tr by Chris Turner
260 _aLondon
_bVerso
_c1995
300 _ax,179p.
_ccm.
942 _hR3xN26:g(V:74), N1
_cTEXL
_2CC
999 _c194661
_d194661